Every Top 10 Entry on Daily Global Spotify (2024) - Statistics

General Stats
  • This quiz has been taken 9 times
  • The average score is 30 of 76
Answer Stats
Artist(s) Title % Correct
Sabrina Carpenter Espresso
78%
Tate McRae greedy
78%
Billie Eilish BIRDS OF A FEATHER
67%
¥$ / Kanye West / Ty Dolla $ign CARNIVAL
67%
Taylor Swift / Post Malone Fortnight
67%
Charli xcx / Billie Eilish Guess
67%
Eminem Houdini
67%
Billie Eilish LUNCH
67%
Kendrick Lamar Not Like Us
67%
The Weeknd / JENNIE / Lily-Rose Depp One Of The Girls
67%
Doja Cat Paint The Town Red
67%
Sabrina Carpenter Please Please Please
67%
Jung Kook / Latto Seven
67%
Dua Lipa Training Season
67%
Ariana Grande we can't be friends (wait for your love)/we can't be friends
67%
Ariana Grande yes, and?
67%
Shaboozey A Bar Song (Tipsy)/A Bar Song
56%
Benson Boone Beautiful Things
56%
Ariana Grande bye
56%
*NSYNC Bye Bye Bye
56%
Billie Eilish CHIHIRO
56%
Djo End of Beginning
56%
Taylor Swift / Florence + The Machine Florida!!!
56%
FloyyMenor / Cris Mj Gata Only
56%
Chappell Roan Good Luck, Babe!
56%
Post Malone / Morgan Wallen I Had Some Help
56%
Future / Metro Boomin / Kendrick Lamar Like That
56%
Teddy Swims Lose Control
56%
Beyoncé TEXAS HOLD 'EM
56%
Ariana Grande the boy is mine
56%
Hozier Too Sweet
56%
Future / Metro Boomin / Travis Scott / Playboi Carti Type Shit
56%
Taylor Swift Cruel Summer
44%
Taylor Swift Down Bad
44%
Artemas i like the way you kiss me
44%
Jack Harlow Lovin On Me
44%
ILLIT Magnetic
44%
Tommy Richman MILLION DOLLAR BABY
44%
Mitski My Love Mine All Mine
44%
21 Savage redrum
44%
LISA Rockstar
44%
Noah Kahan Stick Season
44%
Jimin Who
44%
Taylor Swift Who's Afraid of Little Old Me?
44%
Hanumankind / Kalmi Big Dawgs
33%
Kendrick Lamar euphoria
33%
Taylor Swift I Can Do It With a Broken Heart
33%
Beyoncé / Miley Cyrus II MOST WANTED
33%
Xavi La Diabla
33%
21 Savage / Travis Scott / Metro Boomin née-nah/nee-nah
33%
YG Marley Praise Jah In The Moonlight
33%
Ariana Grande eternal sunshine
22%
Beyoncé JOLENE
22%
Xavi La Víctima/La Victima
22%
Taylor Swift My Boy Only Breaks His Favorite Toys
22%
Billie Eilish SKINNY
22%
Taylor Swift So Long, London
22%
Taylor Swift The Tortured Poets Department
22%
Peso Pluma / Anitta BELLAKEO
11%
¥$ / Kanye West / Ty Dolla $ign BURN
11%
Taylor Swift But Daddy I Love Him
11%
V FRI(END)S/FRIENDS
11%
¥$ / Kanye West / Ty Dolla $ign FUK SUMN
11%
Kali Uchis / Peso Pluma Igual Que Un Ángel/Igual Que Un Angel
11%
KAROL G Si Antes Te Hubiera Conocido
11%
Jimin / Loco Smeraldo Garden Marching Band
11%
¥$ / Kanye West / Ty Dolla $ign TALKING
11%
Future / Metro Boomin We Don't Trust You
11%
¥$ / Kanye West / Ty Dolla $ign BACK TO ME
0%
Bizarrap / Young Miko Bzrp Music Sessions, Vol. 58
0%
Bizarrap / Natanael Cano Bzrp Music Sessions, Vol. 59
0%
Taylor Swift Fresh Out The Slammer
0%
Feid / ATL Jacob LUNA
0%
Trueno REAL GANGSTA LOVE
0%
Eminem Renaissance
0%
¥$ / Kanye West / Ty Dolla $ign STARS
0%
No matching quizzes found
Score Distribution
Percent of People with Each Score
Percentile by Number Answered
Your Score History
You have not taken this quiz